Spätná logistika diplomová práca

Enregistré dans:
Détails bibliographiques
Auteur principal: Fedorik, Matúš
Collectivité auteur: Podnikovohospodárska fakulta EU so sídlom v Košiciach. Katedra marketingu a obchodu
Autres auteurs: Pružinský, Michal, 1952-
Format: Livre
Langue:slovaque
Publié: Košice 2009
Tags: Ajouter un tag
Pas de tags, Soyez le premier à ajouter un tag!

MARC

LEADER 00000nam$a2200000$$$4500
001 0099184
005 20240319131827.7
041 0 |a slo 
044 |a SK 
245 1 0 |a Spätná logistika  |b diplomová práca  |c Matúš Fedorik ; škol. Michal Pružinský 
264 1 |a Košice  |c 2009 
300 |a 71 s. 
100 1 |a Fedorik, Matúš 
700 1 |a Pružinský, Michal, 1952- 
710 2 |a Podnikovohospodárska fakulta EU so sídlom v Košiciach. Katedra marketingu a obchodu